Statystyki dla Quiz o Arabii Saudyjskiej

Kliknij tutaj aby rozwiązać quiz!

Ogólne statystyki

  • Ten quiz został rozwiązany 1 242 razy
  • Średni wynik to 12 z 24

Statystyki odpowiedzi

WskazówkaOdpowiedź% Poprawnych
Język urzędowyArabski
91%
Religia państwowaSunnicki islam
91%
StolicaRijad
87%
Najświętsze miastoMekka
86%
Najważniejszy eksportowany towarRopa naftowa
85%
Morza i zatoki, nad którymi
leży Arabia Saudyjska
Zatoka {Perska}
77%
Morza i zatoki, nad którymi
leży Arabia Saudyjska
Morze {Czerwone}
72%
Co pojawia się na fladze kraju?
(oprócz napisu)
Miecz
71%
Drugie najświętsze miastoMedyna
69%
Ten dokument jest oficjalnie
uznawany za konstytucję
Koran
52%
Najczęściej stosowana
metoda egzekucji
Ścięcie głowy
50%
Największe zwierzęWielbłąd
49%
Przed rokiem 2017 prawo
zabraniało kobietom...
Prowadzić
samochód
44%
Port na zachodnim wybrzeżuDżudda
35%
Koczownicza grupa etnicznaBeduini
32%
Jednostka monetarnaRial
31%
Panująca dynastiaSaudowie
28%
Utracił obywatelstwo w
1994 r.
Osama bin Laden
20%
Najbardziej dochodowa firmaSaudi Aramco
20%
Poprzedni monarcha
(zmarł w 2015 r.)
Abdullah
19%
Obecny monarchaSalman
18%
Port na wschodnim wybrzeżuAd-Dammam
17%
Fundamentalistyczny ruch
w łonie tej religii
Wahhabizm
17%
Morza i zatoki, nad którymi
leży Arabia Saudyjska
Zatoka {Akaba}
16%

Rozkład punktacji

Percentyl według liczby udzielonych odpowiedzi

Procent ludzi z każdym wynikiem

Twoja historia wyników

Nie rozwiązałeś tego quizu